000 00409nam a2200133Ia 4500
008 100328s9999 xx 000 0 und d
082 _b36377
100 _aपाटेकर श्रीकांत
245 _aआग के शोले
260 _bडायमंड पॉकेट बुक्स
630 _aआग के शोले
730 _aआग के शोले
942 _cBOOK
999 _c526057
_d526054